Pays avec les plus anciens dirigeants - Statistiques

Statistiques générales
  • Ce quiz a été pris 67 fois
    4 depuis la dernière actualisation
  • Le résultat moyen est 9 sur 20
Statistiques - réponses
Depuis le Pays % Correct
6 mars 1999 Bahreïn
75%
25 avril 1986 Eswatini
75%
23 juillet 1999 Maroc
75%
4 octobre 1967 Brunei
50%
24 mai 1993 Érythrée
50%
3 août 1979 Guinée équatoriale
50%
13 novembre 1989 Liechtenstein
50%
15 août 2004 Liechtenstein
50%
25 octobre 1997 République du Congo
50%
24 mars 2000 Rwanda
50%
19 novembre 1992 Tadjikistan
50%
15 octobre 2003 Azerbaïdjan
25%
20 juillet 1994 Biélorussie
25%
6 novembre 1982 Cameroun
25%
8 mai 1999 Djibouti
25%
7 février 1999 Jordanie
25%
7 février 1996 Lesotho
25%
17 janvier 1991 Norvège
25%
29 janvier 1986 Ouganda
25%
19 septembre 1973 Suède
25%
Aucun quiz correspondant
Distribution des résultats
% des personnes avec chaque résultat
Percentile par nombre de réponses
Votre historique - résultats
Vous n’avez pas pris ce quiz depuis la dernière actualisation